Bản sắc văn hóa Việt Nam

Gardado en:
Detalles Bibliográficos
Autor Principal: Phan Ngọc
Formato: Libro
Idioma:Undetermined
Publicado: Hà Nội VHTT 1998
Những chủ đề:
Các nhãn: Engadir etiqueta
Sen Etiquetas, Sexa o primeiro en etiquetar este rexistro!
Thư viện lưu trữ: Trung tâm Học liệu Trường Đại học Cần Thơ
LEADER 00509nam a2200193Ia 4500
001 CTU_30746
008 210402s9999 xx 000 0 und d
020 |b 87.000đ 
082 |a 306 
082 |b Ng419 
100 |a Phan Ngọc 
245 0 |a Bản sắc văn hóa Việt Nam 
245 0 |c Phan Ngọc 
260 |a Hà Nội 
260 |b VHTT 
260 |c 1998 
650 |a culture,vietnam - civilization 
904 |i Minh, 990526 
980 |a Trung tâm Học liệu Trường Đại học Cần Thơ